000 00524nam a2200217Ia 4500
003 OSt
005 20220918173858.0
006 a|||||r|||| 00| 0
007 ta
008 220917b |||||||| |||| 00| 0 eng d
024 _a8,868
037 _cTextual
040 _aARTS
_cARTS
_beng
041 _2eng
_aeng
082 _a9041, G4 Q4
100 _aKiang Kang Hu
_948045
245 0 _aOn Chinese studies
260 _c1932
942 _h9041, G4 Q4
_cTEXL
_2CC
999 _c150614
_d150614